| 000 | 00492nam a2200193Ia 4500 | ||
|---|---|---|---|
| 005 | 20260429111912.0 | ||
| 008 | 260429s9999||||xx |||||||||||||| ||und|| | ||
| 020 | _a9789358872682 | ||
| 041 | _aEnglish | ||
| 082 |
_a572 _bALI |
||
| 100 | _aAli, Aarif | ||
| 245 | 0 |
_aFundamentals of biochemistry / _cAarif Ali |
|
| 260 |
_aNew Delhi : _bNipa, _c2025. |
||
| 300 | _aviii, 140 p.; hb | ||
| 650 | _aBiochemistry | ||
| 700 | _a Ahmad, Sheikh Bilal | ||
| 700 | _a Ayaz, Aadil | ||
| 942 | _cTB | ||
| 999 |
_c51348 _d51348 |
||